Tierras y pueblos de Asia / (Record no. 49985)

MARC details
000 -LEADER
campo de control de longitud fija 00549nam a2200169 i 4500
001 - NÚMERO DE CONTROL
campo de control 49985
003 - IDENTIFICADOR DE NÚMERO DE CONTROL
campo de control ES-MaACL
005 - FECHA Y HORA DE LA ÚLTIMA TRANSACCIÓN
campo de control 20230906162110.0
007 - CAMPO FIJO DE DESCRIPCIÓN FÍSICA--INFORMACIÓN GENERAL
campo de control de longitud fija t|
008 - DATOS DE LONGITUD FIJA--INFORMACIÓN GENERAL
campo de control de longitud fija 030728s1946 ag ||||1| spa d
100 1# - ENTRADA PRINCIPAL--NOMBRE DE PERSONA
Nombre de persona Cressey, George Babcock.
9 (RLIN) 41563
245 10 - MENCIÓN DEL TÍTULO
Título Tierras y pueblos de Asia /
Mención de responsabilidad, etc. George Babcock Cressey ; traducción de Miguel de Hernani.
260 ## - PUBLICACIÓN, DISTRIBUCIÓN, ETC.
Lugar de publicación, distribución, etc. Buenos Aires :
Nombre del editor, distribuidor, etc. Edit. Sudamericana,
Fecha de publicación, distribución, etc. [1946] (
Fabricante Impresora Argentina)
300 ## - DESCRIPCIÓN FÍSICA
Extensión 667 p. ;
Dimensiones 27 cm.
700 1# - ENTRADA AGREGADA--NOMBRE PERSONAL
Nombre de persona Hernani, Miguel de.
9 (RLIN) 63115
852 ## - LOCALIZACIÓN
Ubicación ES-MaACL
Número de control de estantería A-169
Sublocalización o colección R.29656
Holdings
Estatus retirado Estado de pérdida Estado de daño No para préstamo Biblioteca de origen Biblioteca actual Ubicación en estantería Fecha de adquisición Fuente de adquisición Total de préstamos Signatura topográfica completa Código de barras Visto por última vez Precio de reemplazo Tipo de ítem Koha
        Biblioteca del Ateneo de Madrid Biblioteca del Ateneo de Madrid Sala Pecera Planta 1 17/01/2008     A-169 1052585 23/02/2023 23/02/2023 Libro impreso